Ч. 1; Гидрогеология месторождений твердых полезных ископаемых

গ্রন্থ-পঞ্জীর বিবরন
Parent link:Гидрогеология месторождений твердых полезных ископаемых: учебное пособие для вузов/ П. П. Климентов. Ч. 1.— , 1966
প্রধান লেখক: Климентов П. П. Петр Платонович
অন্যান্য লেখক: Овчинников А. М. Александр Михайлович
ভাষা:রুশ
প্রকাশিত: 1966
বিষয়গুলি:
বিন্যাস: গ্রন্থ
KOHA link:https://koha.lib.tpu.ru/cgi-bin/koha/opac-detail.pl?biblionumber=34413

MARC

LEADER 00000nam2a2200000 4500
001 34413
005 20231030225250.0
035 |a (RuTPU)RU\TPU\book\34807 
035 |a BOOK00001458 
090 |a 34413 
100 |a 20011210d1966 m y0rusy50 ca 
101 0 |a rus 
102 |a RU 
105 |a a j 001zy 
200 0 |a Ч. 1  |f П. П. Климентов, А. М. Овчинников 
210 |d 1966 
215 |a 200 с.  |c ил 
320 |a Библиогр.: с. 196-199. 
461 1 |0 (RuTPU)RU\TPU\book\8130  |t Гидрогеология месторождений твердых полезных ископаемых  |o учебное пособие для вузов  |f П. П. Климентов  |v Ч. 1  |d 1966 
610 1 |a поиски 
610 1 |a разведка 
610 1 |a месторождения полезных ископаемых 
610 1 |a гидрогеология 
610 1 |a воды подземные 
610 1 |a химические составы 
610 1 |a рудничные воды 
610 1 |a учебные пособия 
675 |a 553:556.3(075.8)  |v 3 
700 1 |a Климентов  |b П. П.  |g Петр Платонович 
701 1 |a Овчинников  |b А. М.  |g Александр Михайлович 
801 0 |a RU  |b 63413507  |c 20011210  |g PSBO 
801 2 |a RU  |b 63413507  |c 20190620  |g PSBO 
900 |a Поиски и разведка подземных вод 
900 |a Гидрогеология и инженерная геология МПИ 
900 |a Радиогидрогеология и гидрогеохимия 
942 |c BK